000 00984nam a2200277 i 4500
001 19958
003 ES-MaACL
005 20230906152212.0
007 t|
008 020711s2002 sp ||||1| spa d
020 _a84-8432-311-0
080 _a946.0"1931/39"
080 _a327(460)"1931/39"
100 1 _aBerdah, Jean-François.
_927861
245 1 3 _aLa democracia asesinada
_b: la República española y las grandes potencias, 1931-1939 /
_cJean-François Berdah ; traducción castellana de María José Furió Sancho.
260 _aBarcelona :
_bCrítica,
_c[2002]
300 _aXII, 532 p. ;
_c24 cm.
490 1 _aCrítica contrastes
504 _aBibliografía: [519]-524.
651 4 _aEspaña-
_xHistoria-
_y1931-1939, II República.
_98283
651 4 _aEspaña-
_xPolítica exterior-
_y1931-1939.
_98423
700 1 _aFurió Sancho, María José.
_953042
830 0 _aCrítica contrastes
_9180307
852 _aES-MaACL
_jL-25958
_bR.131636
999 _c19958
_d19958